[Event "Mecklenburg VP LL2 West 2223"]
[Site "Mecklenburg VP"]
[Date "2022.10.23"]
[Round "1.7"]
[White "Franke, Wilfried"]
[Black "Peter, Volkhard"]
[Result "1/2-1/2"]
[WhiteElo "1759"]
[BlackElo "1762"]
[PlyCount "48"]
[EventDate "2022.10.23"]
[EventType "team-tourn"]
[EventRounds "9"]
[EventCountry "GER"]
[SourceTitle "EXT 2024"]
[Source "ChessBase"]
[SourceDate "2023.10.10"]
[SourceVersion "1"]
[SourceVersionDate "2023.10.10"]
[SourceQuality "1"]
[WhiteTeam "Grevesmuehlen Blau Weiss"]
[BlackTeam "Schwerin SV Einheit"]
[WhiteTeamCountry "GER"]
[BlackTeamCountry "GER"]

1. e4 e5 2. Nf3 Nf6 3. Nxe5 d6 4. Nf3 Nxe4 5. d4 d5 6. Bd3 Be7 7. 0-0 0-0 8. Re1 Bf5 9. Nbd2 Nd6 10. Nf1 Nc6 11. Ne3 Bxd3 12. Qxd3 Nb4 13. Qb3 Nc4 14. Nxc4 dxc4 15. Qxc4 b5 16. Qe2 Re8 17. Be3 a6 18. c3 Nd5 19. Qd3 Bf6 20. Re2 Qd6 21. Rae1 Re7 22. c4 Nxe3 23. c5 Qd5 24. Rxe3 Qxa2 1/2-1/2

[Event "Mecklenburg VP LL2 West 2122"]
[Site "Mecklenburg VP"]
[Date "2022.05.15"]
[Round "4.5"]
[White "Schwenck, Fabian"]
[Black "Peter, Volkhard"]
[Result "1-0"]
[WhiteElo "1683"]
[BlackElo "1739"]
[PlyCount "99"]
[EventDate "2021.10.24"]
[EventType "team-tourn"]
[EventRounds "9"]
[EventCountry "GER"]
[SourceTitle "EXT 2024"]
[Source "ChessBase"]
[SourceDate "2023.10.10"]
[SourceVersion "1"]
[SourceVersionDate "2023.10.10"]
[SourceQuality "1"]
[WhiteTeam "Guestrow/Teterow II"]
[BlackTeam "Schwerin SV Einheit"]
[WhiteTeamCountry "GER"]
[BlackTeamCountry "GER"]

1. e4 e5 2. Nf3 Nf6 3. Nxe5 d6 4. Nf3 Nxe4 5. Nc3 Nxc3 6. dxc3 Be7 7. Bc4 0-0 8. Be3 Be6 9. Qd3 Bxc4 10. Qxc4 Nc6 11. 0-0-0 Qc8 12. h4 Qe6 13. Qd5 h6 14. Rhe1 Qxd5 15. Rxd5 Bf6 16. g4 Ne5 17. Nxe5 dxe5 18. g5 hxg5 19. Bxg5 Bxg5+ 20. hxg5 f6 21. g6 Rfd8 22. Red1 Rxd5 23. Rxd5 c6 24. Rd7 b6 25. a4 Kf8 26. b4 a5 27. b5 cxb5 28. axb5 Re8 29. Rf7+ Kg8 30. Kb2 Re6 31. Kb3 e4 32. c4 f5 33. Rxf5 Rxg6 34. Re5 Rf6 35. Rxe4 Rxf2 36. Re6 Rf3+ 37. c3 a4+ 38. Kxa4 Rxc3 39. Kb4 Rc1 40. Rxb6 Kf7 41. Rb7+ Kf6 42. c5 Rb1+ 43. Ka5 Ra1+ 44. Kb6 g5 45. c6 g4 46. Rd7 g3 47. Rd2 Re1 48. c7 Re6+ 49. Kb7 Re7 50. Kb8 1-0

[Event "MVP-ch Seniors op 19th"]
[Site "Ostseebad Binz"]
[Date "2019.11.30"]
[Round "4"]
[White "Bussler, Juergen"]
[Black "Peter, Volkhard"]
[Result "1/2-1/2"]
[WhiteElo "1909"]
[BlackElo "1728"]
[PlyCount "40"]
[EventDate "2019.11.27"]
[EventType "swiss"]
[EventRounds "9"]
[EventCountry "GER"]
[SourceTitle "EXT 2021"]
[Source "ChessBase"]
[SourceDate "2020.10.23"]
[SourceVersion "1"]
[SourceVersionDate "2020.10.23"]
[SourceQuality "1"]

1. d4 Nf6 2. c4 e5 3. dxe5 Ng4 4. Nf3 Bc5 5. e3 Nc6 6. Nc3 Ngxe5 7. Be2 0-0 8. 0-0 d6 9. b3 Qf6 10. Bb2 Bg4 11. Nd5 Qd8 12. Nxe5 Bxe2 13. Nxc6 bxc6 14. Qxe2 cxd5 15. cxd5 Qg5 16. Rfd1 Rae8 17. Rac1 Re4 18. Rc4 Rfe8 19. Qd3 Rxe3 20. Qf1 Re2 1/2-1/2

[Event "GER-ch Seniors 65 31st"]
[Site "Radebeul"]
[Date "2019.05.04"]
[Round "9"]
[White "Kempe, Rainer"]
[Black "Peter, Volkhard"]
[Result "1/2-1/2"]
[WhiteElo "1991"]
[BlackElo "1723"]
[PlyCount "58"]
[EventDate "2019.04.26"]
[EventType "swiss"]
[EventRounds "9"]
[EventCountry "GER"]
[SourceTitle "CBM 190 Extra"]
[Source "ChessBase"]
[SourceDate "2019.07.15"]
[SourceVersion "1"]
[SourceVersionDate "2019.07.15"]
[SourceQuality "1"]

1. d4 Nf6 2. c4 e5 3. dxe5 Ng4 4. Nf3 Bc5 5. e3 Nc6 6. Bd2 Ngxe5 7. Bc3 d6 8. a3 Bg4 9. Be2 Bxf3 10. Bxf3 Nxf3+ 11. Qxf3 0-0 12. Qg3 f6 13. Nd2 Ne5 14. h4 Nd3+ 15. Ke2 Ne5 16. h5 Qd7 17. Rh4 Rae8 18. Rd1 b5 19. Ne4 Qe6 20. b4 Qxc4+ 21. Kd2 Qa2+ 22. Ke1 Bb6 23. Rd2 Qb1+ 24. Ke2 Kh8 25. h6 g6 26. Nxf6 Rxf6 27. f4 Qf5 28. Rh1 Qg4+ 29. Qxg4 Nxg4 1/2-1/2

[Event "GER-ch Seniors 65 31st"]
[Site "Radebeul"]
[Date "2019.04.30"]
[Round "5"]
[White "Molzahn, Norbert"]
[Black "Peter, Volkhard"]
[Result "1-0"]
[WhiteElo "2068"]
[BlackElo "1723"]
[PlyCount "89"]
[EventDate "2019.04.26"]
[EventType "swiss"]
[EventRounds "9"]
[EventCountry "GER"]
[SourceTitle "CBM 190 Extra"]
[Source "ChessBase"]
[SourceDate "2019.07.15"]
[SourceVersion "1"]
[SourceVersionDate "2019.07.15"]
[SourceQuality "1"]

1. d4 Nf6 2. c4 e5 3. dxe5 Ng4 4. Bf4 Nc6 5. Nf3 Bb4+ 6. Nbd2 Qe7 7. e3 Ngxe5 8. Be2 d6 9. 0-0 0-0 10. a3 Bxd2 11. Nxd2 Be6 12. b4 a6 13. Rc1 f6 14. Nb3 Qf7 15. Qc2 g6 16. Nd4 Nxd4 17. exd4 Bf5 18. Qd2 Nc6 19. Bf3 Rae8 20. Bd5 Be6 21. Bxe6 Qxe6 22. d5 Qg4 23. dxc6 bxc6 24. f3 Qf5 25. Rfe1 g5 26. Bg3 h5 27. Bf2 h4 28. Rxe8 Rxe8 29. Re1 Rd8 30. Qe3 d5 31. c5 d4 32. Qb3+ Kf8 33. Rd1 d3 34. Be3 h3 35. Rd2 hxg2 36. Qd1 Kg7 37. Rxg2 Re8 38. Bd2 Qd5 39. f4 Qd4+ 40. Kf1 Qe4 41. fxg5 Qe2+ 42. Rxe2 dxe2+ 43. Qxe2 Rxe2 44. Kxe2 fxg5 45. Bxg5 1-0

[Event "GER-ch Seniors 65 31st"]
[Site "Radebeul"]
[Date "2019.04.27"]
[Round "2"]
[White "Werl, Ralf Dieter"]
[Black "Peter, Volkhard"]
[Result "1-0"]
[WhiteElo "1904"]
[BlackElo "1723"]
[PlyCount "68"]
[EventDate "2019.04.26"]
[EventType "swiss"]
[EventRounds "9"]
[EventCountry "GER"]
[SourceTitle "CBM 190 Extra"]
[Source "ChessBase"]
[SourceDate "2019.07.15"]
[SourceVersion "1"]
[SourceVersionDate "2019.07.15"]
[SourceQuality "1"]

1. e4 e5 2. Nf3 Nf6 3. Nxe5 d6 4. Nf3 Nxe4 5. Nc3 Nxc3 6. dxc3 Be7 7. Bd3 0-0 8. Be3 Nc6 9. Qd2 d5 10. 0-0-0 Re8 11. h3 f5 12. Rdg1 Bf6 13. g4 d4 14. cxd4 Nxd4 15. Nxd4 f4 16. Bc4+ Kh8 17. Bxf4 Bxd4 18. Rd1 c5 19. c3 Bf6 20. Qxd8 Rxd8 21. Rxd8+ Bxd8 22. Re1 Bd7 23. Bd5 Bh4 24. Bxb7 Rf8 25. Bg3 Bg5+ 26. f4 Bxf4+ 27. Bxf4 Rxf4 28. Rd1 Be8 29. Rd8 Rf1+ 30. Kd2 Rf2+ 31. Ke3 Rf8 32. Bc6 Kg8 33. Rxe8 Kf7 34. Rxf8+ Kxf8 1-0

[Event "MVP-ch Seniors op 17th"]
[Site "Binz"]
[Date "2017.12.07"]
[Round "9.68"]
[White "Mueller, Dieter5"]
[Black "Peter, Volkhard"]
[Result "0-1"]
[WhiteElo "1645"]
[BlackElo "1801"]
[PlyCount "90"]
[EventDate "2017.11.29"]
[EventType "swiss"]
[EventRounds "9"]
[EventCountry "GER"]
[SourceTitle "EXT 2019"]
[Source "ChessBase"]
[SourceDate "2018.10.10"]
[SourceVersion "1"]
[SourceVersionDate "2018.10.10"]
[SourceQuality "1"]

1. Nf3 f5 2. e4 fxe4 3. Ng5 Nf6 4. d3 d5 5. dxe4 h6 6. Nf3 dxe4 7. Qxd8+ Kxd8 8. Ne5 Be6 9. h3 Nbd7 10. Nxd7 Bxd7 11. g4 g5 12. Bg2 c5 13. 0-0 Bc6 14. Nc3 Kc7 15. Re1 Rd8 16. Nxe4 Nxe4 17. Bxe4 Bxe4 18. Rxe4 Rd1+ 19. Kg2 Kd7 20. Re3 Bg7 21. Rd3+ Rxd3 22. cxd3 Bd4 23. Be3 e5 24. Bxd4 exd4 25. Re1 b5 26. Re5 Kd6 27. Re4 Rf8 28. f3 a5 29. b3 Kd5 30. Re7 Rf6 31. Re8 c4 32. Rd8+ Rd6 33. Rxd6+ Kxd6 34. dxc4 bxc4 35. bxc4 Kc5 36. Kg3 d3 37. Kf2 Kxc4 38. Ke1 Kc3 39. Kd1 d2 40. a4 Kd3 41. f4 gxf4 42. h4 f3 43. g5 hxg5 44. hxg5 f2 45. g6 f1Q# 0-1

[Event "MVP-ch Seniors op 16th"]
[Site "Binz"]
[Date "2016.12.01"]
[Round "9.46"]
[White "Peter, Volkhard"]
[Black "Bussler, Juergen"]
[Result "0-1"]
[WhiteElo "1809"]
[BlackElo "1940"]
[PlyCount "82"]
[EventDate "2016.11.23"]
[EventType "swiss"]
[EventRounds "9"]
[EventCountry "GER"]
[SourceTitle "EXT 2018"]
[Source "ChessBase"]
[SourceDate "2017.10.13"]
[SourceVersion "1"]
[SourceVersionDate "2017.10.13"]
[SourceQuality "1"]

1. e4 c5 2. d4 cxd4 3. c3 dxc3 4. Nxc3 Nc6 5. Nf3 d6 6. Bc4 Nf6 7. e5 d5 8. Bb3 Nd7 9. Qxd5 e6 10. Qb5 a6 11. Qe2 Bc5 12. 0-0 Qc7 13. Bf4 Nd4 14. Qe4 Nxb3 15. axb3 Be7 16. Rxa6 Rxa6 17. Nb5 Qc6 18. Qd3 Nc5 19. Qc4 0-0 20. Nfd4 Qe4 21. Bg3 Qd3 22. Qb4 Bd8 23. Qxc5 Bb6 24. Qc3 Qe4 25. f3 Bxd4+ 26. Nxd4 Qd5 27. Rc1 Bd7 28. Kh1 h6 29. Qe3 Rfa8 30. h4 Ra1 31. Rxa1 Rxa1+ 32. Kh2 Rd1 33. Bf2 Qa5 34. Qc3 Qxe5+ 35. g3 Qd5 36. b4 e5 37. Nb3 Rd3 38. Qc5 Qxb3 39. Qxe5 Bc6 40. Bd4 f6 41. Qd6 Qxb2+ 0-1

[Event "MVP-ch Seniors op 16th"]
[Site "Binz"]
[Date "2016.11.27"]
[Round "5.42"]
[White "Peter, Volkhard"]
[Black "Walther, Gerd"]
[Result "1/2-1/2"]
[WhiteElo "1809"]
[BlackElo "1950"]
[PlyCount "44"]
[EventDate "2016.11.23"]
[EventType "swiss"]
[EventRounds "9"]
[EventCountry "GER"]
[SourceTitle "EXT 2018"]
[Source "ChessBase"]
[SourceDate "2017.10.13"]
[SourceVersion "1"]
[SourceVersionDate "2017.10.13"]
[SourceQuality "1"]

1. e4 c5 2. d4 cxd4 3. Nf3 e6 4. Bc4 Qc7 5. Qxd4 Nc6 6. Qe3 Nf6 7. Bb3 h6 8. Nc3 a6 9. h3 d6 10. Bd2 Be7 11. Na4 b5 12. Nb6 Rb8 13. Nxc8 Rxc8 14. a4 0-0 15. axb5 axb5 16. 0-0 Ra8 17. Rxa8 Rxa8 18. Re1 Nd7 19. Qe2 Qb7 20. c3 Nc5 21. Bc2 Ra2 22. Bc1 b4 1/2-1/2

[Event "MVP-ch Seniors op 16th"]
[Site "Binz"]
[Date "2016.11.24"]
[Round "2.74"]
[White "Peter, Volkhard"]
[Black "Howe, Dietrich"]
[Result "1-0"]
[WhiteElo "1809"]
[BlackElo "1527"]
[PlyCount "55"]
[EventDate "2016.11.23"]
[EventType "swiss"]
[EventRounds "9"]
[EventCountry "GER"]
[SourceTitle "EXT 2018"]
[Source "ChessBase"]
[SourceDate "2017.10.13"]
[SourceVersion "1"]
[SourceVersionDate "2017.10.13"]
[SourceQuality "1"]

1. e4 c5 2. d4 cxd4 3. c3 d3 4. Bxd3 e6 5. Nf3 d6 6. e5 d5 7. 0-0 Nc6 8. Qe2 a6 9. a4 b6 10. Rd1 Qc7 11. Bf4 Nge7 12. Bg3 g6 13. Na3 Bg7 14. Rac1 Bb7 15. c4 0-0 16. cxd5 Nxd5 17. Nc4 Bh6 18. Rc2 Rad8 19. Nd6 Ndb4 20. Rc4 Nxd3 21. Rxd3 Qb8 22. Rh4 Bg7 23. Qd2 Ba8 24. Bf4 Ne7 25. Bh6 Nf5 26. Nxf5 Rxd3 27. Ne7+ Kh8 28. Bxg7+ 1-0

[Event "Miedzyzdroje OB Seniors 24th"]
[Site "Miedzyzdroje"]
[Date "2016.06.23"]
[Round "7"]
[White "Peter, Volkhard"]
[Black "Pak, Klim"]
[Result "1-0"]
[WhiteElo "1835"]
[BlackElo "1715"]
[PlyCount "63"]
[EventDate "2016.06.17"]
[EventType "swiss"]
[EventRounds "9"]
[EventCountry "POL"]
[SourceTitle "EXT 2019"]
[Source "ChessBase"]
[SourceDate "2018.10.10"]
[SourceVersion "1"]
[SourceVersionDate "2018.10.10"]
[SourceQuality "1"]

1. e4 c5 2. d4 cxd4 3. c3 dxc3 4. Nxc3 e6 5. Nf3 Nc6 6. Bf4 a6 7. e5 b5 8. Bd3 Be7 9. 0-0 h6 10. Ne4 Rb8 11. Nd6+ Bxd6 12. exd6 Nf6 13. Rc1 Nd5 14. Bg3 Qf6 15. Qe2 Nf4 16. Bxf4 Qxf4 17. Rfd1 0-0 18. Be4 Bb7 19. g3 Qf6 20. a3 Rfc8 21. Rd3 g6 22. Rdc3 Rd8 23. Qd2 g5 24. h4 g4 25. Nh2 h5 26. f3 gxf3 27. Nxf3 Qg7 28. Kh2 f5 29. Bxc6 dxc6 30. Rd3 Rd7 31. Re1 Rbd8 32. Ne5 1-0

[Event "Miedzyzdroje OB Seniors 24th"]
[Site "Miedzyzdroje"]
[Date "2016.06.17"]
[Round "1"]
[White "Peter, Volkhard"]
[Black "Karamucki, Henryk"]
[Result "1-0"]
[WhiteElo "1835"]
[BlackElo "1329"]
[PlyCount "29"]
[EventDate "2016.06.17"]
[EventType "swiss"]
[EventRounds "9"]
[EventCountry "POL"]
[SourceTitle "EXT 2019"]
[Source "ChessBase"]
[SourceDate "2018.10.10"]
[SourceVersion "1"]
[SourceVersionDate "2018.10.10"]
[SourceQuality "1"]

1. e4 c6 2. d4 d5 3. f3 dxe4 4. fxe4 Nf6 5. Nc3 Bg4 6. Be2 Bxe2 7. Ngxe2 e6 8. 0-0 Be7 9. e5 Nd5 10. Ng3 Bg5 11. Qh5 Bf6 12. exf6 Nxf6 13. Qd1 Nbd7 14. Nge4 Nd5 15. Nd6+ 1-0